LIBRARY & INFORMATION CENTRE, KCAET, TAVANUR

ONLINE PUBLIC ACCESS CATALOGUE (OPAC)

Geographic information systems : An introduction (Record no. 13641)

MARC details
000 -LEADER
fixed length control field 00406cam a22001454a 4500
020 ## - INTERNATIONAL STANDARD BOOK NUMBER
ISBN 9788126511389
082 00 - DEWEY DECIMAL CLASSIFICATION NUMBER
Classification number 550.066
Item number BER/GE
100 1# - MAIN ENTRY--AUTHOR NAME
Personal name Bernhardsen, Tor.
245 10 - TITLE STATEMENT
Title Geographic information systems : An introduction
250 ## - EDITION STATEMENT
Edition statement 3rd ed. Indian
260 ## - PUBLICATION, DISTRIBUTION, ETC. (IMPRINT)
Place of publication New Delhi
Name of publisher Wiley India
Year of publication c2002.
300 ## - PHYSICAL DESCRIPTION
Number of Pages xiii, 428 p. :
Other physical details ill., maps ;
650 #0 - SUBJECT ADDED ENTRY--TOPICAL TERM
Topical Term Geographic information systems.
942 ## - ADDED ENTRY ELEMENTS (KOHA)
Koha item type Books
Holdings
Withdrawn status Lost status Damaged status Collection code Home library Current library Shelving location Date acquired Cost, normal purchase price Full call number Accession Number Koha item type
      Non-fiction KAUAET KAUAET General Stacks 31/03/2012 459.00 550.066 BER/GE 22866 Books
free website counter